| 000 | 00540nam a22002177a 4500 | ||
|---|---|---|---|
| 003 | UA-OsUOA | ||
| 001 | 79818 | ||
| 007 | ta | ||
| 008 | 20111121b un ||||| |||| 00| 0 ukr d | ||
| 100 | _aДемський О. | ||
| 090 |
_a34 _bД31 |
||
| 942 | _cSA | ||
| 040 |
_aUA-OsUOA _bukr _cUA-OsUOA _dUA-OsUOA |
||
| 245 | _aНегласні слідчі дії... | ||
| 300 | _aС.19-22 | ||
| 955 | _a0 | ||
| 041 | _aukr | ||
| 080 | _a34 | ||
| 773 | 0 |
_w79815 _tВіче _dК. _d2011 _g21 |
|
| 650 | 7 |
_a34 Право. Юриспруденція _2UDC |
|
| 999 |
_c366169 _d366169 |
||